00390cam a2200157ua 45000010005000000080039000050400009000440410008000530820008000611000034000692450059001032500009001622600029001713000010002006530022002109138150221n ii |||gr||||Z||||||asm cMAIN aasm a320 aChakrabarty, A.,eTranslator.1 aSamsamoyik biswa rajniticTranslated by A. Chakrabarty a1st. aGuwahati:bAssam,c2011. a150p. aPolitical science